Sociálne práva v kontexte medzinárodných dokumentov (vybrané otázky)

Teoretický prehľad o sociálnych právach vo vnútroštátnom aj európskom priestore. Definícia sociálnych práv. Genéza sociálnych práv v Európskej únii. Medzinárodné dokumenty dotýkajúce sa sociálnych práv. Európska charta ľudských práv. Sociálne práva v Charte základných práv Európskej únie. Charakteri...

Description complète

Enregistré dans:
Détails bibliographiques
Auteur principal: Žofčinová, Vladimíra
Autres auteurs: Krunková, Alena
Format: Chapitre de livre
Langue:slovaque
Sujets:
Tags: Ajouter un tag
Pas de tags, Soyez le premier à ajouter un tag!

MARC

LEADER 00000naa a2200000 4500
001 0155321
005 20230918072858.7
041 0 |a slo 
044 |a SK 
245 1 0 |a Sociálne práva v kontexte medzinárodných dokumentov (vybrané otázky)  |c Vladimíra Žofčinová, Alena Krunková 
520 |a Teoretický prehľad o sociálnych právach vo vnútroštátnom aj európskom priestore. Definícia sociálnych práv. Genéza sociálnych práv v Európskej únii. Medzinárodné dokumenty dotýkajúce sa sociálnych práv. Európska charta ľudských práv. Sociálne práva v Charte základných práv Európskej únie. Charakteristika Európskeho sociálneho práva. 
610 2 0 |a práva sociálne 
610 2 0 |a práva ľudské 
610 2 0 |a dokumenty 
610 2 0 |a Európska únia 
100 1 |a Žofčinová, Vladimíra 
700 1 |a Krunková, Alena